[Event "70th ch-RUS 2017"]
[Site "St Petersburg RUS"]
[Date "2017.12.03"]
[Round "1.1"]
[White "Sjugirov, Sanan"]
[Black "Inarkiev, Ernesto"]
[Result "1/2-1/2"]
[WhiteTitle "GM"]
[BlackTitle "GM"]
[WhiteElo "2650"]
[BlackElo "2689"]
[WhiteFideId "4189302"]
[BlackFideId "4162722"]
[EventDate "2017.12.03"]

1. d4 Nf6 2. c4 e6 3. Nf3 d5 4. Nc3 Bb4 5. cxd5 exd5 6. Bf4 c6 7. e3 Bf5 8. Be2
Ne4 9. Qb3 Qb6 10. Bd3 Bg6 11. Qc2 Nf6 12. Ne5 Bxd3 13. Nxd3 Nbd7 14. O-O a5 15.
a3 Be7 16. b4 O-O 17. Rab1 Rfc8 18. Nc5 Qa7 19. Nxd7 Nxd7 20. bxa5 Bd8 21. Rfc1
Nf6 22. Be5 Nd7 23. Bd6 Nf6 24. Qf5 Qa6 25. a4 Bc7 26. Be5 Ne8 27. h4 Bxe5 28.
Qxe5 Rd8 29. Rb6 Qa7 30. Qe7 Nd6 31. Nb5 Qxa5 32. Nxd6 Qxb6 33. Qxf7+ Kh8 34.
Qe6 Rf8 35. Nf7+ Rxf7 36. Qxf7 h6 37. g4 Qb2 38. Rf1 Qe2 39. Qf5 Re8 40. Rb1 Kg8
41. g5 Rf8 42. Qe6+ Kh8 43. Rf1 hxg5 44. hxg5 Qf3 45. g6 Rf5 46. Qe8+ Rf8 47.
Qe5 Qg4+ 48. Qg3 Qxg3+ 49. fxg3 Rxf1+ 50. Kxf1 Kg8 51. a5 Kf8 52. Ke2 Ke7 53.
Kd3 Kd6 54. Kc3 c5 55. dxc5+ Kxc5 56. Kd3 Kb5 57. Kd4 Kxa5 58. Kxd5 b5 59. e4
Kb6 60. g4 b4 61. Kc4 Ka5 62. g5 b3 63. Kxb3 Kb5 64. Kc3 Kc5 65. Kd3 Kd6 66. Kd4
Ke6 67. e5 Ke7 68. Kd5 Kd7 69. e6+ Ke7 70. Ke5 Kd8 71. Kd6 Ke8 72. e7 1/2-1/2

[Event "70th ch-RUS 2017"]
[Site "St Petersburg RUS"]
[Date "2017.12.03"]
[Round "1.2"]
[White "Matlakov, Maxim"]
[Black "Tomashevsky, Evgeny"]
[Result "1/2-1/2"]
[WhiteTitle "GM"]
[BlackTitle "GM"]
[WhiteElo "2735"]
[BlackElo "2713"]
[WhiteFideId "4168003"]
[BlackFideId "4147235"]
[EventDate "2017.12.03"]

1. d4 Nf6 2. c4 e6 3. Nf3 d5 4. g3 Bb4+ 5. Nc3 O-O 6. Bg2 dxc4 7. O-O Nc6 8. Qa4
Bd7 9. Bg5 Rb8 10. Rad1 Bxc3 11. bxc3 h6 12. Bxf6 Qxf6 13. Qxc4 Rfc8 14. Nd2 Na5
15. Qb4 b6 16. Ne4 Qg6 17. c4 Rd8 18. Nc3 Be8 19. e3 Qf6 20. Nb5 c6 21. Nc3 c5
22. dxc5 Qe7 23. Ne4 Nb7 24. Rxd8 Rxd8 25. Rb1 Bc6 26. a4 Bxe4 27. Bxe4 Nxc5 28.
Bf3 Qc7 29. Kg2 g6 30. h4 h5 31. Kg1 Qe5 32. a5 Rd6 33. Qb5 Kg7 34. Qb2 Kf6 35.
Qxe5+ Kxe5 36. axb6 Rxb6 37. Ra1 a6 38. g4 hxg4 39. Bxg4 Rb8 40. h5 f5 41. Bf3
gxh5 42. Bxh5 Rb2 43. Bf3 Kd6 44. Kg2 Kc7 45. Kg3 Rc2 46. Kg2 Rd2 47. Kg3 Rb2
48. Bg2 Rb4 49. Kf4 Kd6 50. e4 Rxc4 51. f3 fxe4 52. fxe4 Ra4 53. Rd1+ Ke7 54.
Rd2 a5 55. Rc2 Nd3+ 56. Ke3 Ne5 57. Bf1 Ng4+ 58. Kf4 Nf6 59. Rc4 Ra1 60. Bd3 Nd7
61. Rc6 Ra3 62. Bc4 e5+ 63. Kf5 Rf3+ 64. Kg5 Rg3+ 65. Kf5 Rf3+ 66. Kg5 Rg3+ 67.
Kf5 Rf3+ 1/2-1/2

[Event "70th ch-RUS 2017"]
[Site "St Petersburg RUS"]
[Date "2017.12.03"]
[Round "1.3"]
[White "Fedoseev, Vladimir3"]
[Black "Riazantsev, Alexander"]
[Result "1-0"]
[WhiteTitle "GM"]
[BlackTitle "GM"]
[WhiteElo "2718"]
[BlackElo "2650"]
[WhiteFideId "24130737"]
[BlackFideId "4125029"]
[EventDate "2017.12.03"]

1. d4 Nf6 2. c4 e6 3. g3 Bb4+ 4. Nd2 d5 5. Bg2 O-O 6. Nf3 b6 7. O-O Bb7 8. a3
Be7 9. cxd5 exd5 10. b4 a5 11. b5 c6 12. bxc6 Nxc6 13. Bb2 a4 14. Ne5 Nxe5 15.
dxe5 Ne4 16. Nxe4 dxe4 17. Qc2 Qd5 18. Rfd1 Rfc8 19. Qb1 Qb3 20. Rd7 Bc6 21.
Rxe7 Kf8 22. Rxf7+ Kxf7 23. Bh3 Re8 24. Qc1 Bd5 25. Bd4 Kg8 26. Rb1 Qc4 27. Qe3
Be6 28. Bg2 Rad8 29. Rb4 Rxd4 30. Rxc4 Rd1+ 31. Bf1 Bxc4 32. Qxe4 b5 33. f4 Ra1
34. Qe3 Be6 35. Qc3 Rb1 36. Qc6 Re7 37. Kf2 b4 38. axb4 Rxb4 39. Bg2 Kf7 40. Qd6
Rb5 41. Qa6 Rb4 42. Qa5 Rd4 43. Ke3 Rdd7 44. Qxa4 Ra7 45. Qb4 g6 46. Bc6 Ra6 47.
Qd6 Rd7 48. Qc5 Rd8 49. Bb5 Rc8 50. Qb4 Ra7 51. Bd3 Rac7 52. Kf3 Bd5+ 53. e4 Ba8
54. Qd6 Rc3 55. Kg4 Bc6 56. e6+ Ke8 57. Qd4 1-0

[Event "70th ch-RUS 2017"]
[Site "St Petersburg RUS"]
[Date "2017.12.03"]
[Round "1.4"]
[White "Malakhov, Vladimir"]
[Black "Romanov, Evgeny"]
[Result "1/2-1/2"]
[WhiteTitle "GM"]
[BlackTitle "GM"]
[WhiteElo "2686"]
[BlackElo "2626"]
[WhiteFideId "4120787"]
[BlackFideId "4148843"]
[EventDate "2017.12.03"]

1. g3 d5 2. Nf3 c6 3. Bg2 Nf6 4. O-O Bg4 5. h3 Bxf3 6. exf3 e6 7. f4 Nbd7 8. d4
g6 9. a4 a5 10. b3 Bg7 11. Ba3 Bf8 12. Bb2 Bg7 13. Ba3 Bf8 14. Bb2 Bg7 15. Nd2
O-O 16. Nf3 Ne4 17. Ne5 f6 18. Nd3 Qb6 19. Bxe4 dxe4 20. Nc5 Nxc5 21. dxc5 Qc7
22. Qd6 Qc8 23. Rad1 Rd8 24. Qe7 Re8 25. Qd7 Rd8 26. Qxc8 Raxc8 27. Rd6 Rxd6 28.
cxd6 Rd8 29. Rd1 Kf7 30. c4 c5 31. Kf1 Bf8 32. d7 Ke7 33. Ke2 f5 34. g4 Rxd7 35.
Rxd7+ Kxd7 36. g5 Bd6 37. Be5 Bxe5 38. fxe5 b6 39. Ke3 Ke7 40. h4 Kf7 41. Kf4 1/2-1/2

[Event "70th ch-RUS 2017"]
[Site "St Petersburg RUS"]
[Date "2017.12.03"]
[Round "1.5"]
[White "Vitiugov, Nikita"]
[Black "Svidler, Peter"]
[Result "1/2-1/2"]
[WhiteTitle "GM"]
[BlackTitle "GM"]
[WhiteElo "2722"]
[BlackElo "2765"]
[WhiteFideId "4152956"]
[BlackFideId "4102142"]
[EventDate "2017.12.03"]

1. c4 e5 2. Nc3 Nf6 3. Nf3 Nc6 4. g3 d5 5. cxd5 Nxd5 6. Bg2 Nb6 7. O-O Be7 8. a3
O-O 9. b4 Re8 10. d3 Bf8 11. Bb2 a5 12. b5 Nd4 13. Nd2 c6 14. bxc6 Nxc6 15. Na4
Nxa4 16. Qxa4 Bd7 17. Rfc1 Rb8 18. Qb3 Be6 19. Qb5 Bd7 20. Qb3 Be6 21. Qb5 Bd7
22. Qb3 1/2-1/2

[Event "70th ch-RUS 2017"]
[Site "St Petersburg RUS"]
[Date "2017.12.03"]
[Round "1.6"]
[White "Dubov, Daniil"]
[Black "Volkov, Sergey"]
[Result "1-0"]
[WhiteTitle "GM"]
[BlackTitle "GM"]
[WhiteElo "2683"]
[BlackElo "2645"]
[WhiteFideId "24126055"]
[BlackFideId "4122763"]
[EventDate "2017.12.03"]

1. d4 d5 2. c4 c6 3. Nf3 Nf6 4. Nc3 a6 5. Qc2 b5 6. e4 dxc4 7. b3 Qa5 8. Nd2 e5
9. dxe5 Ng4 10. Be2 Nxe5 11. O-O Be7 12. bxc4 Be6 13. Nd5 cxd5 14. cxd5 Bd7 15.
Bb2 f6 16. f4 Nc4 17. Nxc4 bxc4 18. Kh1 Qa4 19. Qd2 Bb4 20. Bc3 a5 21. e5 O-O
22. e6 Rc8 23. a3 Bxc3 24. Qxc3 Qb3 25. Qd4 c3 26. Rfb1 a4 27. Rxb3 axb3 28.
exd7 Nxd7 29. Bg4 b2 30. Rg1 Rcb8 31. Bf5 Rxa3 32. Bb1 Rc8 33. Qb4 Ra1 34. Qb7
Rca8 35. d6 g6 36. Qb3+ 1-0

[Event "70th ch-RUS 2017"]
[Site "St Petersburg RUS"]
[Date "2017.12.04"]
[Round "2.1"]
[White "Inarkiev, Ernesto"]
[Black "Volkov, Sergey"]
[Result "1/2-1/2"]
[WhiteTitle "GM"]
[BlackTitle "GM"]
[WhiteElo "2689"]
[BlackElo "2645"]
[WhiteFideId "4162722"]
[BlackFideId "4122763"]
[EventDate "2017.12.03"]

1. e4 e6 2. d4 d5 3. Nc3 Nf6 4. e5 Nfd7 5. f4 c5 6. Nf3 Nc6 7. Be3 Be7 8. Qd2
O-O 9. dxc5 Qa5 10. a3 Bxc5 11. O-O-O Rd8 12. Bxc5 Nxc5 13. h4 Bd7 14. h5 h6 15.
g4 Be8 16. Qe3 d4 17. Nxd4 Nxd4 18. Rxd4 Qb6 19. Rxd8 Nb3+ 20. Kb1 Qxe3 21. Rxa8
Qe1+ 22. Ka2 Nc1+ 23. Ka1 Nb3+ 24. Ka2 Nc1+ 25. Ka1 Nb3+ 26. Ka2 Nc1+ 1/2-1/2

[Event "70th ch-RUS 2017"]
[Site "St Petersburg RUS"]
[Date "2017.12.04"]
[Round "2.2"]
[White "Svidler, Peter"]
[Black "Dubov, Daniil"]
[Result "0-1"]
[WhiteTitle "GM"]
[BlackTitle "GM"]
[WhiteElo "2765"]
[BlackElo "2683"]
[WhiteFideId "4102142"]
[BlackFideId "24126055"]
[EventDate "2017.12.03"]

1. c4 g6 2. Nc3 c5 3. g3 Bg7 4. Bg2 Nc6 5. Nf3 d6 6. O-O Bf5 7. h3 Qc8 8. Kh2
Nf6 9. d3 O-O 10. e4 Bd7 11. Be3 a6 12. Rc1 Rb8 13. Nd5 Qd8 14. b3 e6 15. Nc3 e5
16. Ng1 Nd4 17. Nge2 b5 18. f4 exf4 19. gxf4 b4 20. Bxd4 cxd4 21. Nb1 Nh5 22.
Nd2 f5 23. c5 dxc5 24. e5 g5 25. Rxc5 Qe7 26. Qc2 Rbc8 27. Qc4+ Be6 28. Qxe6+
Qxe6 29. Bd5 Rxc5 30. Bxe6+ Kh8 31. Bc4 Nxf4 0-1

[Event "70th ch-RUS 2017"]
[Site "St Petersburg RUS"]
[Date "2017.12.04"]
[Round "2.3"]
[White "Romanov, Evgeny"]
[Black "Vitiugov, Nikita"]
[Result "0-1"]
[WhiteTitle "GM"]
[BlackTitle "GM"]
[WhiteElo "2626"]
[BlackElo "2722"]
[WhiteFideId "4148843"]
[BlackFideId "4152956"]
[EventDate "2017.12.03"]

1. c4 Nf6 2. Nc3 e5 3. Nf3 Nc6 4. g3 Bc5 5. Bg2 d6 6. O-O a6 7. e3 O-O 8. Qc2
Ba7 9. a3 h6 10. b4 Be6 11. d3 Qd7 12. Bb2 Rae8 13. Rac1 Nh7 14. Ne2 Bg4 15. c5
Qf5 16. Ne1 Ng5 17. f3 Bh3 18. f4 Bxg2 19. Nxg2 Nh3+ 20. Kh1 Qh5 21. f5 dxc5 22.
bxc5 Bxc5 23. Qd2 Bd6 24. Rc4 e4 25. dxe4 Ng5 26. Ngf4 Nf3 27. Nxh5 Nxd2 28.
Rxc6 bxc6 29. Rc1 Be5 30. Bxe5 Rxe5 31. Rxc6 Nxe4 32. Nd4 Nd6 33. g4 Rxe3 34.
Rxc7 Rb8 0-1

[Event "70th ch-RUS 2017"]
[Site "St Petersburg RUS"]
[Date "2017.12.04"]
[Round "2.4"]
[White "Riazantsev, Alexander"]
[Black "Malakhov, Vladimir"]
[Result "1/2-1/2"]
[WhiteTitle "GM"]
[BlackTitle "GM"]
[WhiteElo "2650"]
[BlackElo "2686"]
[WhiteFideId "4125029"]
[BlackFideId "4120787"]
[EventDate "2017.12.03"]

1. d4 d5 2. c4 c6 3. Nc3 Nf6 4. e3 a6 5. Nf3 Bf5 6. cxd5 cxd5 7. Ne5 Nc6 8. Qb3
Bc8 9. Bd2 e6 10. Nxc6 bxc6 11. Rc1 Bd6 12. Bd3 O-O 13. Na4 e5 14. dxe5 Bxe5 15.
Qb6 Qe8 16. Bb4 Rb8 17. Qa5 Bc7 18. Qxc7 Rxb4 19. b3 d4 20. e4 Nxe4 21. O-O Nf6
22. Rfe1 Qd8 23. Qxd8 Rxd8 24. Rxc6 Bd7 25. Rxa6 Bxa4 26. Rxa4 Rxa4 27. bxa4 Nd5
28. a5 Nb4 29. Bb5 Kf8 30. a6 d3 31. a3 d2 32. Rd1 Na2 33. a7 Nc3 34. Rxd2 Ra8
35. Bc4 Rxa7 36. g3 Nb1 37. Rd8+ Ke7 38. Rg8 Nxa3 39. Bd3 g6 40. Rb8 Rc7 41. Rb3
Nc2 42. Bxc2 Rxc2 1/2-1/2

[Event "70th ch-RUS 2017"]
[Site "St Petersburg RUS"]
[Date "2017.12.04"]
[Round "2.6"]
[White "Sjugirov, Sanan"]
[Black "Matlakov, Maxim"]
[Result "1/2-1/2"]
[WhiteTitle "GM"]
[BlackTitle "GM"]
[WhiteElo "2650"]
[BlackElo "2735"]
[WhiteFideId "4189302"]
[BlackFideId "4168003"]
[EventDate "2017.12.03"]

1. e4 e5 2. Nf3 Nc6 3. Bb5 a6 4. Ba4 Nf6 5. O-O Be7 6. d3 b5 7. Bb3 d6 8. a4 Bd7
9. c3 Na5 10. Bc2 c5 11. Nbd2 O-O 12. Re1 Nc6 13. Nf1 b4 14. Ne3 Rb8 15. d4 bxc3
16. bxc3 cxd4 17. cxd4 Re8 18. Ba3 exd4 19. Nxd4 Nb4 20. Ndf5 Bf8 21. Bb1 Bc6
22. Qd4 a5 23. Bb2 Bxe4 24. Nh6+ gxh6 25. Ng4 Nbd5 26. Bxe4 Rxe4 27. Nxf6+ Nxf6
28. Qxf6 Qxf6 29. Bxf6 Rf4 30. Bc3 Bg7 31. Bxg7 Kxg7 32. g3 Rd4 33. Re7 Rb2 34.
Ra3 Rb8 35. Ra7 Rd5 36. Rf3 Rf8 37. Rb3 Rc8 38. Rf3 Rf8 39. Rb3 Rc8 40. Rf3 Rf8 1/2-1/2

[Event "70th ch-RUS 2017"]
[Site "St Petersburg RUS"]
[Date "2017.12.05"]
[Round "3.1"]
[White "Matlakov, Maxim"]
[Black "Inarkiev, Ernesto"]
[Result "1/2-1/2"]
[WhiteTitle "GM"]
[BlackTitle "GM"]
[WhiteElo "2735"]
[BlackElo "2689"]
[WhiteFideId "4168003"]
[BlackFideId "4162722"]
[EventDate "2017.12.03"]

1. d4 Nf6 2. c4 e6 3. Nf3 d5 4. g3 Bb4+ 5. Bd2 Be7 6. Bg2 O-O 7. O-O c6 8. Bc3
dxc4 9. a4 c5 10. Nbd2 Nd5 11. Nxc4 b6 12. dxc5 Bxc5 13. Bd4 Na6 14. Qb3 Bb7 15.
Rfd1 Qe7 16. a5 Rab8 17. e4 b5 18. Qxb5 Ndc7 19. Qa4 Bxe4 20. Nce5 Nb5 21. Bxc5
Nxc5 22. Qb4 Nc7 23. Qe1 Rxb2 24. Rac1 Nd5 25. Rc4 f5 26. Nd4 Bxg2 27. Kxg2 Ne4
28. Nd3 Ra2 29. Kg1 Qd7 30. Nc5 Qc8 31. Ndxe6 Nxf2 32. Rd2 Nh3+ 33. Kg2 Qc6 34.
Kxh3 Rxd2 35. Qxd2 Rf6 36. Rd4 Rh6+ 37. Rh4 Rxe6 38. Nxe6 Qxe6 39. Rd4 Nf6 40.
Rd6 Qe5 41. Qa2+ Kf8 42. Rd8+ Ke7 43. Ra8 Qe3 44. Rb8 Ng4 45. Kg2 Qe4+ 46. Kg1
Qd4+ 47. Kh1 Qd1+ 48. Kg2 Ne3+ 49. Kf2 Ng4+ 50. Kg2 Ne3+ 51. Kf2 Nc2 52. Rb7+
Kd6 53. Rb1 Qd2+ 54. Kg1 Qd4+ 55. Kh1 Qe4+ 56. Kg1 Qe3+ 57. Kh1 Qf3+ 58. Kg1
Qe3+ 59. Kh1 Qf3+ 1/2-1/2

[Event "70th ch-RUS 2017"]
[Site "St Petersburg RUS"]
[Date "2017.12.05"]
[Round "3.2"]
[White "Fedoseev, Vladimir3"]
[Black "Sjugirov, Sanan"]
[Result "1-0"]
[WhiteTitle "GM"]
[BlackTitle "GM"]
[WhiteElo "2718"]
[BlackElo "2650"]
[WhiteFideId "24130737"]
[BlackFideId "4189302"]
[EventDate "2017.12.03"]

1. d4 Nf6 2. c4 e6 3. Nf3 d5 4. g3 Bb4+ 5. Bd2 Be7 6. Bg2 O-O 7. O-O c6 8. Bc3
Ne4 9. e3 Nd7 10. Nfd2 Ndf6 11. a3 b6 12. b4 a5 13. c5 axb4 14. axb4 Rxa1 15.
Bxa1 Ba6 16. Re1 bxc5 17. dxc5 Qb8 18. Nxe4 dxe4 19. Qa4 Bb5 20. Qb3 Rd8 21.
Bxf6 Bxf6 22. Bxe4 Qe5 23. Bc2 g6 24. Na3 Ba6 25. Rb1 Be2 26. Nc4 Qh5 27. Be4
Qg4 28. Nd6 Rxd6 29. f3 Bxf3 30. Bxf3 Qxf3 31. cxd6 Qe2 32. Rf1 Bg5 33. Qd1
Qxe3+ 34. Kg2 Qe5 35. h4 Bd8 36. Qf3 f5 37. Qxc6 Qf6 38. b5 Kg7 39. Rf2 g5 40.
hxg5 Qxg5 41. Qd7+ 1-0

[Event "70th ch-RUS 2017"]
[Site "St Petersburg RUS"]
[Date "2017.12.05"]
[Round "3.3"]
[White "Malakhov, Vladimir"]
[Black "Tomashevsky, Evgeny"]
[Result "1/2-1/2"]
[WhiteTitle "GM"]
[BlackTitle "GM"]
[WhiteElo "2686"]
[BlackElo "2713"]
[WhiteFideId "4120787"]
[BlackFideId "4147235"]
[EventDate "2017.12.03"]

1. g3 d5 2. Nf3 c6 3. Bg2 Bg4 4. O-O Nd7 5. d4 Ngf6 6. c4 e6 7. h3 Bh5 8. cxd5
exd5 9. Qb3 Qb6 10. Qe3+ Be7 11. Nh4 Bg6 12. Nc3 Qd8 13. Nxg6 hxg6 14. b4 b5 15.
a4 a5 16. axb5 axb4 17. Rxa8 Qxa8 18. Nb1 cxb5 19. Bd2 Ne4 20. Qb3 Nxd2 21. Nxd2
Nb6 22. Qd3 Nc4 23. Nb3 O-O 24. Ra1 Qb7 25. h4 Rc8 26. Bh3 Rd8 27. Ra2 Na3 28.
Ra1 Nc4 29. Ra2 Na3 30. Ra1 1/2-1/2

[Event "70th ch-RUS 2017"]
[Site "St Petersburg RUS"]
[Date "2017.12.05"]
[Round "3.4"]
[White "Vitiugov, Nikita"]
[Black "Riazantsev, Alexander"]
[Result "1/2-1/2"]
[WhiteTitle "GM"]
[BlackTitle "GM"]
[WhiteElo "2722"]
[BlackElo "2650"]
[WhiteFideId "4152956"]
[BlackFideId "4125029"]
[EventDate "2017.12.03"]

1. d4 Nf6 2. c4 e6 3. g3 d5 4. Bg2 Be7 5. Nf3 O-O 6. O-O dxc4 7. Qc2 c6 8. Qxc4
b5 9. Qc2 Bb7 10. Bg5 Nbd7 11. Nbd2 c5 12. Bxf6 gxf6 13. Rac1 Qb6 14. dxc5 Nxc5
15. Nb3 Be4 16. Qc3 Nxb3 17. Qxb3 Rac8 18. Nh4 Bg6 19. e3 Rfd8 20. Nxg6 hxg6 21.
Rfd1 Rxd1+ 22. Qxd1 Rxc1 23. Qxc1 Kg7 24. a3 b4 25. axb4 Bxb4 26. Bf1 Qc5 27.
Qxc5 Bxc5 1/2-1/2

[Event "70th ch-RUS 2017"]
[Site "St Petersburg RUS"]
[Date "2017.12.05"]
[Round "3.5"]
[White "Dubov, Daniil"]
[Black "Romanov, Evgeny"]
[Result "1-0"]
[WhiteTitle "GM"]
[BlackTitle "GM"]
[WhiteElo "2683"]
[BlackElo "2626"]
[WhiteFideId "24126055"]
[BlackFideId "4148843"]
[EventDate "2017.12.03"]

1. c4 e5 2. Nc3 Nf6 3. Nf3 Nc6 4. g3 Bb4 5. Bg2 O-O 6. O-O d6 7. d3 Re8 8. Nd5
Nxd5 9. cxd5 Ne7 10. d4 e4 11. Ng5 h6 12. Nxe4 Nxd5 13. a3 Ba5 14. Nd2 Nf6 15.
b4 Bb6 16. e3 c6 17. a4 a5 18. bxa5 Bxa5 19. Qc2 d5 20. Nb3 Bc7 21. Bd2 Bg4 22.
a5 Be2 23. Rfb1 Ne4 24. Nc5 Nxc5 25. Qxc5 Ba6 26. Bf1 Bd6 27. Qb6 Bc7 28. Qc5
Bd6 29. Qb6 Bc7 30. Qb3 Bxf1 31. Kxf1 Ra7 32. Qd3 Qa8 33. Bc3 Qc8 34. Kg2 h5 35.
h4 g6 36. Rb3 Qg4 37. Rab1 Bxa5 38. Bxa5 Rxa5 39. Rxb7 Ra2 40. R1b2 Rxb2 41.
Rxb2 Qe4+ 42. Qxe4 dxe4 43. Kh3 Re6 44. g4 hxg4+ 45. Kxg4 Kf8 46. Kf4 Ke7 47.
Ra2 Ke8 48. Rb2 Ke7 49. Rc2 Kd6 50. Kg5 Ke7 51. Rc5 Kf8 52. h5 gxh5 53. Rf5 Rg6+
54. Kxh5 Ke7 55. Rf4 Rg2 56. Kh4 Ke6 57. Rxe4+ Kd6 58. Rf4 Ke6 59. Kh3 Rg5 60.
Re4+ Kd6 61. Rg4 Rd5 62. Rg8 Kd7 63. Ra8 Rg5 64. Ra7+ Ke8 65. Rc7 Rg6 66. Rb7
Kf8 67. Kh2 Ke8 68. Ra7 Kf8 69. Ra1 Ke7 70. Rg1 Rh6+ 71. Kg2 Kd6 72. Rc1 Rh5 73.
Kf3 Rf5+ 74. Ke2 Ra5 75. Rc2 Rb5 76. Kf3 Ra5 77. Kf4 Rb5 78. f3 Ra5 79. Rh2 f6
80. e4 Ke6 81. Rc2 Kd6 82. e5+ Kd7 83. Kf5 1-0

[Event "70th ch-RUS 2017"]
[Site "St Petersburg RUS"]
[Date "2017.12.05"]
[Round "3.6"]
[White "Volkov, Sergey"]
[Black "Svidler, Peter"]
[Result "0-1"]
[WhiteTitle "GM"]
[BlackTitle "GM"]
[WhiteElo "2645"]
[BlackElo "2765"]
[WhiteFideId "4122763"]
[BlackFideId "4102142"]
[EventDate "2017.12.03"]

1. d4 Nf6 2. c4 g6 3. Nc3 d5 4. Nf3 Bg7 5. Qb3 dxc4 6. Qxc4 Be6 7. Qa4+ Bd7 8.
Qb3 c5 9. d5 b5 10. e4 b4 11. e5 bxc3 12. exf6 Bxf6 13. bxc3 O-O 14. Bh6 Re8 15.
Bc4 Bg4 16. Nd2 Nd7 17. h3 Rb8 18. Qa3 Bf5 19. O-O Ne5 20. Bf4 Rb7 21. Bxe5 Bxe5
22. f4 Bd6 23. g4 e6 24. gxf5 exd5 25. Ba6 c4 26. Qa4 Rb2 27. Nf3 Ree2 28. Qc6
Qe7 29. Qa8+ Bb8 30. Qxd5 Bxf4 31. Rfe1 Qe3+ 32. Kh1 Rh2+ 0-1

[Event "70th ch-RUS 2017"]
[Site "St Petersburg RUS"]
[Date "2017.12.06"]
[Round "4.1"]
[White "Inarkiev, Ernesto"]
[Black "Svidler, Peter"]
[Result "1/2-1/2"]
[WhiteTitle "GM"]
[BlackTitle "GM"]
[WhiteElo "2689"]
[BlackElo "2765"]
[WhiteFideId "4162722"]
[BlackFideId "4102142"]
[EventDate "2017.12.03"]

1. e4 e5 2. Nf3 Nc6 3. Nc3 Nf6 4. Bb5 Bd6 5. d3 h6 6. Ne2 a6 7. Ba4 b5 8. Bb3
Na5 9. d4 Nxb3 10. axb3 Nxe4 11. dxe5 Bc5 12. Qd5 Bxf2+ 13. Kf1 Bb7 14. Qxb7 c6
15. Ned4 O-O 16. b4 f5 17. c3 Bxd4 18. cxd4 Qe7 19. Ke2 Qxb4 20. Rd1 Qc4+ 21.
Ke1 g5 22. Rxa6 Rxa6 23. Qxa6 g4 24. Nd2 Nxd2 25. Kxd2 Qxd4+ 26. Kc2 Qc4+ 27.
Kb1 Qe4+ 28. Ka2 Qc2 29. Re1 f4 30. Qa3 Qc4+ 31. Kb1 b4 32. Qa4 f3 33. gxf3 gxf3
34. Qc2 Qe6 35. Be3 b3 36. Qd3 Rf5 37. Rg1+ Kf7 38. Bd4 Ke8 39. Rf1 c5 40. Bxc5
Rxe5 41. Bf2 Re2 42. Bg3 f2 43. Rc1 d6 44. Bh4 Rd2 45. Qh7 Rc2 46. Qh8+ Kf7 47.
Qh7+ Ke8 48. Qh8+ Kf7 49. Qh7+ 1/2-1/2

[Event "70th ch-RUS 2017"]
[Site "St Petersburg RUS"]
[Date "2017.12.06"]
[Round "4.2"]
[White "Romanov, Evgeny"]
[Black "Volkov, Sergey"]
[Result "1/2-1/2"]
[WhiteTitle "GM"]
[BlackTitle "GM"]
[WhiteElo "2626"]
[BlackElo "2645"]
[WhiteFideId "4148843"]
[BlackFideId "4122763"]
[EventDate "2017.12.03"]

1. c4 c6 2. e4 d5 3. exd5 Nf6 4. d4 cxd5 5. Nc3 Nc6 6. Bg5 Be6 7. Nf3 g6 8. Bxf6
exf6 9. c5 Bg7 10. Bb5 O-O 11. O-O Bg4 12. Bxc6 bxc6 13. h3 Bxf3 14. Qxf3 Rb8
15. b3 f5 16. Rfd1 Qh4 17. Ne2 Rfe8 18. Kf1 Re4 19. Qg3 Qd8 20. f3 Re3 21. Rab1
a5 22. Rb2 Rb7 23. Nc1 a4 24. Qf2 a3 25. Re2 Rxe2 26. Qxe2 Qa8 27. Qe3 Rb4 28.
Ne2 h5 29. h4 Rb8 30. g3 Re8 31. Qc3 Re7 32. Rd3 Qe8 33. Qd2 f4 34. Nxf4 Bh6 35.
Kf2 Bxf4 36. gxf4 Re6 37. Re3 Qe7 38. Rxe6 Qxh4+ 39. Kg2 fxe6 40. b4 Kf7 41. Qe3
Qf6 42. Qe5 Qf5 43. Qc7+ Kf6 44. Qd8+ Kf7 45. Qc7+ Kf6 46. Qd8+ Kf7 47. Qc7+ 1/2-1/2

[Event "70th ch-RUS 2017"]
[Site "St Petersburg RUS"]
[Date "2017.12.06"]
[Round "4.3"]
[White "Riazantsev, Alexander"]
[Black "Dubov, Daniil"]
[Result "1/2-1/2"]
[WhiteTitle "GM"]
[BlackTitle "GM"]
[WhiteElo "2650"]
[BlackElo "2683"]
[WhiteFideId "4125029"]
[BlackFideId "24126055"]
[EventDate "2017.12.03"]

1. d4 Nf6 2. c4 g6 3. Nc3 d5 4. cxd5 Nxd5 5. e4 Nxc3 6. bxc3 Bg7 7. Nf3 c5 8. h3
O-O 9. Be3 b5 10. Rc1 Ba6 11. Be2 b4 12. Bxa6 Nxa6 13. O-O bxc3 14. Rxc3 Qd7 15.
Ra3 cxd4 16. Bxd4 Rfd8 17. Rxa6 e5 18. Ra3 exd4 19. Rd3 Qe6 20. Qe2 Re8 21. e5
Bxe5 22. Qxe5 Qxe5 23. Nxe5 Rxe5 24. Rxd4 Re2 25. Ra4 a5 26. Rd1 Rc8 27. Rxa5
Rcc2 28. Rf1 Rxa2 29. Rxa2 Rxa2 1/2-1/2

[Event "70th ch-RUS 2017"]
[Site "St Petersburg RUS"]
[Date "2017.12.06"]
[Round "4.4"]
[White "Tomashevsky, Evgeny"]
[Black "Vitiugov, Nikita"]
[Result "1/2-1/2"]
[WhiteTitle "GM"]
[BlackTitle "GM"]
[WhiteElo "2713"]
[BlackElo "2722"]
[WhiteFideId "4147235"]
[BlackFideId "4152956"]
[EventDate "2017.12.03"]

1. e4 c5 2. Nf3 d6 3. Bb5+ Nd7 4. O-O Nf6 5. Re1 a6 6. Bxd7+ Bxd7 7. e5 dxe5 8.
Nxe5 Rc8 9. d3 e6 10. Nc3 Be7 11. Qf3 Bc6 12. Nxc6 Rxc6 13. Bf4 O-O 14. Be5 Nd7
15. Bf4 Nf6 16. Be5 Nd7 17. Bf4 Nf6 18. Be5 1/2-1/2

[Event "70th ch-RUS 2017"]
[Site "St Petersburg RUS"]
[Date "2017.12.06"]
[Round "4.5"]
[White "Sjugirov, Sanan"]
[Black "Malakhov, Vladimir"]
[Result "1-0"]
[WhiteTitle "GM"]
[BlackTitle "GM"]
[WhiteElo "2650"]
[BlackElo "2686"]
[WhiteFideId "4189302"]
[BlackFideId "4120787"]
[EventDate "2017.12.03"]

1. d4 d5 2. c4 c6 3. Nf3 Nf6 4. Nc3 a6 5. e3 Bf5 6. Bd2 e6 7. Qb3 Ra7 8. Nh4 Be4
9. cxd5 cxd5 10. f3 Bg6 11. Nxg6 hxg6 12. O-O-O Be7 13. Kb1 O-O 14. Rc1 b5 15.
a4 b4 16. Na2 Rb7 17. Rc2 Ne8 18. Nc1 Nd6 19. Qa2 a5 20. Be2 Nd7 21. Nb3 Rc7 22.
Rhc1 Rxc2 23. Rxc2 Qb6 24. Ka1 Qa7 25. Nc1 Rb8 26. Kb1 Bf6 27. Rc6 Rb6 28. Rxb6
Qxb6 29. Qb3 Qc7 30. Qc2 Nc4 31. Ka2 Bd8 32. g3 e5 33. dxe5 Ndxe5 34. f4 Nxd2
35. Qxd2 Nc4 36. Qxd5 Nxe3 37. Qd3 Nf5 38. Nb3 Nd6 39. Qd5 Bf6 40. Bd3 Qb6 41.
Bxg6 Kf8 42. Bc2 Nb7 43. g4 g6 44. g5 Bg7 45. Qd7 Nd8 46. Nc5 Kg8 47. Qe8+ Kh7
48. f5 Qd6 49. fxg6+ fxg6 50. Bb3 Bf8 51. Nd7 1-0